Konjunktúrny vývoj svetovej ekonomiky a jeho vplyv na rozvojové možnosti Slovenska
Konjunktúrna situácia vo svetovej ekonomike. Integračné procesy v Európskej únii. Zmeny v reálnom hrubom domácom produkte krajín OECD a CEFTA. Strednodobý výhľad vývoja svetovej ekonomiky a postavenie transformujúcich sa krajín. Ekonomika Slovenska v strednodobom horizonte.
Salvato in:
| Autore principale: | |
|---|---|
| Natura: | Capitolo di libro |
| Lingua: | slovacco |
| Soggetti: | |
| Tags: |
Nessun Tag, puoi essere il primo ad aggiungerne!!
|
MARC
| LEADER | 00000naa a2200000 4500 | ||
|---|---|---|---|
| 001 | r021836 | ||
| 005 | 20221205102159.2 | ||
| 041 | 0 | |a slo | |
| 044 | |a SK | ||
| 245 | 1 | 0 | |a Konjunktúrny vývoj svetovej ekonomiky a jeho vplyv na rozvojové možnosti Slovenska |c Zora Komínková |
| 520 | |a Konjunktúrna situácia vo svetovej ekonomike. Integračné procesy v Európskej únii. Zmeny v reálnom hrubom domácom produkte krajín OECD a CEFTA. Strednodobý výhľad vývoja svetovej ekonomiky a postavenie transformujúcich sa krajín. Ekonomika Slovenska v strednodobom horizonte. | ||
| 610 | 2 | 0 | |a vývoj hospodársky |
| 610 | 2 | 0 | |a hospodárstvo svetové |
| 610 | 2 | 0 | |a Slovensko |
| 610 | 2 | 0 | |a produkt domáci hrubý |
| 610 | 2 | 0 | |a Európska únia |
| 610 | 2 | 0 | |a CEFTA |
| 610 | 2 | 0 | |a konjunktúra hospodárska |
| 610 | 2 | 0 | |a obchod zahraničný |
| 610 | 2 | 0 | |a recesia |
| 610 | 2 | 0 | |a oživenie |
| 610 | 2 | 0 | |a prognózy |
| 100 | 1 | |a Komínková, Zora | |